Institutional change and firm creation in east-central Europe: an embedded politics approach (Record no. 60738)

000 -LEADER
fixed length control field 01580pab a2200169 454500
008 - FIXED-LENGTH DATA ELEMENTS--GENERAL INFORMATION
fixed length control field 180718b2004 xxu||||| |||| 00| 0 eng d
100 ## - MAIN ENTRY--PERSONAL NAME
Personal name McDermott, Gerald A.
245 ## - TITLE STATEMENT
Title Institutional change and firm creation in east-central Europe: an embedded politics approach
260 ## - PUBLICATION, DISTRIBUTION, ETC.
Date of publication, distribution, etc. 2004
300 ## - PHYSICAL DESCRIPTION
Extent p.188-217.
362 ## - DATES OF PUBLICATION AND/OR SEQUENTIAL DESIGNATION
Dates of publication and/or sequential designation Mar
520 ## - SUMMARY, ETC.
Summary, etc. A central debate about the transformation of postcommunist countries is how political approaches to institution building affect firm restructuring and creation. This debate has largely been dominated by theories that emphasize either the depoliticization of institutional designs or the determining impact of preexisting social structures. By examining the relative economic performance of Poland and the Czech Republic in the 1990s, this article offers an alternative, embedded politics analysis that views firm and institutional creation as interwined experiments. Czech attempts to implant a depoliticized model of reform impended institutional development and the reorganization of sociopolitical networks, in which firms are embedded. Poland facilitated institutional experiments not only in the ways it promoted negotiated solutions to restructuring but also in the ways it empowered subnational governments. The study utilizes data on manufacturing networks, privatization, bankruptcy, and regional government reforms collected between 1993 and 2000. - Reproduced.
650 ## - SUBJECT ADDED ENTRY--TOPICAL TERM
Topical term or geographic name entry element East Central Europe - Politics and government
650 ## - SUBJECT ADDED ENTRY--TOPICAL TERM
Topical term or geographic name entry element Politics and government
773 ## - HOST ITEM ENTRY
Main entry heading Comparative Political Studies
909 ## -
-- 60738
Holdings
Withdrawn status Lost status Damaged status Not for loan Permanent Location Current Location Date acquired Serial Enumeration / chronology Barcode Date last seen Price effective from Koha item type
        Indian Institute of Public Administration Indian Institute of Public Administration 2018-07-19 Volume no: 37, Issue no: 2 AR61184 2018-07-19 2018-07-19 Articles

Powered by Koha